000 01229cab a2200229 4500
001 ABS39550
008 090401t1987 xxu||||| |||| 00| 0 eng d
035 _a(Sirsi) u17420
041 _aeng
100 _aBond, R.
245 _aProperty investments: development guarantees
260 _c1987
350 _a0
490 _aEstates Gazette
_v(8827) 9 July 1987, 30 and 91(2)
520 _aThis article examines the guarantees likely to be required by an institutional investor in a typical forward- funding development , whether prelet or speculative, where the investor is buying the site on day 1 or, after expiry of a "conditionality" period, a developer is being appointed to carry out the development and the developer`s interest is either being bought out when the development is completed or the developer is receiving a profit-share entitlement based on rental levels achieved where there is no prelet. Only a general outline of the guarantees which may be necessary can be given, since each development has its own features. (Journal abstract).
650 _aFINANCIAL INSTITUTIONS
650 _aFUNDING
650 _aINVESTMENT
690 _aPROPERTY LAW AND PRACTICE
942 _n0
948 _c04/03/1997
999 _c11556
_d11556